القرآن كتاب لكل إنسان / (Record no. 101274)

MARC details
000 -LEADER
fixed length control field 00671nam a22002057a 4500
005 - DATE AND TIME OF LATEST TRANSACTION
control field 20251108173325.0
008 - FIXED-LENGTH DATA ELEMENTS--GENERAL INFORMATION
fixed length control field 250721s1993 xx 000 0 ara d
020 ## - INTERNATIONAL STANDARD BOOK NUMBER
International Standard Book Number 9770135623
082 14 - DEWEY DECIMAL CLASSIFICATION NUMBER
Classification number ط/ 211.88/يوس
100 1# - MAIN ENTRY--PERSONAL NAME
Personal name يوسف، عبد التواب
245 10 - TITLE STATEMENT
Title القرآن كتاب لكل إنسان /
264 1# - PRODUCTION, PUBLICATION, DISTRIBUTION, MANUFACTURE, AND COPYRIGHT NOTICE
Place of production, publication, distribution, manufacture القاهرة :
Name of producer, publisher, distributor, manufacturer الهيئة المصرية العامة،
Date of production, publication, distribution, manufacture, or copyright notice 1993.
490 0# - SERIES STATEMENT
Series statement المكتبة االقرآنية للأطفال
650 17 - SUBJECT ADDED ENTRY--TOPICAL TERM
Topical term or geographic name as entry element فضائل القرآن
650 17 - SUBJECT ADDED ENTRY--TOPICAL TERM
Topical term or geographic name as entry element الأخلاق
653 ## - INDEX TERM--UNCONTROLLED
Uncontrolled term ناشئون كبار (15-18 سنة)
700 1# - ADDED ENTRY--PERSONAL NAME
Personal name عويس، فريدة
Relator term Cart.
942 ## - ADDED ENTRY ELEMENTS (KOHA)
Source of classification or shelving scheme Dewey Decimal Classification
Koha item type Books
Holdings
حالة السحب حالة الفقدان مصدر التصنيف حالة التلف غير قابل للإعارة المكتبة الرئيسية المكتبة الحالية موقع الرف تاريخ التزويد الرقم المتسلسل Total Checkouts رقم الإستدعاء الباركود تاريخ آخر ظهور تاريخ الفاتورة نوع المادة (كوها)
    Dewey Decimal Classification     المكتبة المركزية المكتبة المركزية   28/07/2025 1765225   ط/ 211.88/يوس   28/07/2025 28/07/2025 Books
    Dewey Decimal Classification     مكتبة البشائر للأطفال مكتبة البشائر للأطفال الأطفال 08/09/2015 219740)   ط/ 211.88/يوس PLD00345531 28/07/2025 08/09/2015 Books
    Dewey Decimal Classification     مكتبة أم المؤمنين للأطفال مكتبة أم المؤمنين للأطفال الأطفال 28/07/2025 419799   ط/ 211.88/يوس 419799 28/07/2025 28/07/2025 Books
    Dewey Decimal Classification     مكتبة أم قصير والمقابلين العامة مكتبة أم قصير والمقابلين العامة الأطفال 24/09/2014 319754   ط/ 211.88/يوس PLD00346131 28/07/2025 24/09/2014 Books
    Dewey Decimal Classification     مكتبة البراءة للأطفال مكتبة البراءة للأطفال الأطفال 21/09/2013 319738   ط/ 211.88/يوس PLD00278888 28/07/2025 21/09/2013 Books
    Dewey Decimal Classification     مكتبة البراعم الواعدة مكتبة البراعم الواعدة الأطفال 11/08/2015 1603299   ط/ 211.88/يوس PLD00341385 28/07/2025 11/08/2015 Books
    Dewey Decimal Classification     مكتبة الحسن العامة مكتبة الحسن العامة الأطفال 10/04/2019 219750   ط/ 211.88/يوس PLD00449224 28/07/2025 10/04/2019 Books
    Dewey Decimal Classification     مكتبة صويلح العامة مكتبة صويلح العامة الأطفال 17/07/2019 319752   ط/ 211.88/يوس PLD00457804 28/07/2025 17/07/2019 Books
Implemented & Customized by: BBB with SCIT (Smart Chains for Information Technology)

Powered by Koha